000
00316nam a2200145Ia 4500
100
_a
Berquist Kim
942
_c
BK
654
_a
Computer
245
_a
Lectures Notes in Computer Science 1164
260
_b
Springer
_a
New Delhi
_c
1996
082
_a
4.65
_b
BER
300
_a
417
546
_a
ENGLISH
999
_c
22324
_d
22324